000 02106nam a2200469 i 4500
001 192846
003 SpMaBN
005 20250807063225.0
007 ta
008 230606e2018 sp a | |||| 001 0dspa
015 _aMON18
017 _aM 2551-2018
_bOficina Depósito Legal Madrid
020 _a978-84-451-3699-7
035 _a(OCoLC)1050767220
040 _aSpMaBN
_bspa
_cSpMaBN
_erdc
080 _a72 Rodríguez, Ventura (083.824)
080 _a72.012(083.824)
245 0 0 _aVentura Rodríguez, el poder del dibujo /
_cJavier Ortega Vidal, José Luis Sancho Gaspar, Francisco José Marín Perellón.
264 _a[Madrid] :
_bDirección General de Patrimonio Cultural,
_c[2018]
300 _a583 páginas :
_bilustraciones (color) ;
_c30 cm
336 _aTexto (visual)
_2isbdcontent
337 _asin mediación
_2isbdmedia
338 _2rdacarrier
_avolumen
500 _aÍndices
500 _aCronología
504 _aBibliografía: páginas 566-577
530 _aDisponible en formato digital
585 _aMonografía publicada con ocasión de la exposición "Ventura Rodríguez, arquitecto de la Ilustración", celebrada en Madrid en 2017, recogiendo la mayor compilación de dibujos de Ventura Rodríguez conservados
600 1 4 _aRodríguez, Ventura,
_d1717-1785
_vExposiciones
_9226618
650 4 _aDibujo de arquitectura-
_vExposiciones
_9226619
655 7 _aCatálogos de exposiciones
_2tgfbne
_9193628
700 1 _aRodríguez, Ventura,
_d1717-1785
_earc
_998307
700 1 _aOrtega Vidal, Javier,
_d1952-
_eaut
_9226620
700 1 _aSancho, José Luis,
_d1962-
_9103027
_eaut
700 1 _aMarín Perellón, Francisco José,
_d1963-
_eaut
_976807
710 1 _aMadrid (Comunidad Autónoma).
_bDirección General de Patrimonio Cultural
_eedt
_95616
852 _aES-MaACL
_bR. 152779
_cDEPOJ
_hDonación Comunidad de Madrid
_jN-8479
_xCartoné
_9200148
856 4 _uhttps://gestiona3.madrid.org/bvirtual/BVCM019632.pdf
_yVersión en línea
_z(PublicaMadrid)
942 _n0
_cMONOGRAFIA
999 _c192846
_d192846